000 00589nam a22001937a 4500
005 20140808124407.0
010 _aENG-110261
020 _a9788192474038
_c795.00
035 _aEN-93793
037 _bDBAD/PUB
082 _a954.02
100 _aSingh, S.K.
245 _aHistory of medieval India /
_cby S.K.Singh
260 _aNew Delhi
_bAxis Books
_c2014(repr.)
270 _a4378/4B, Basement, Ansari Road, Daryaganj
_bNew Delhi
_e110002
300 _a248p.:
_c22cm(Hb)
_bill.
500 _aIncludes bibliographical references
942 _2ddc
_cEN
_mSIN
_h954.02
999 _c85235
_d85235